Almanac văn hóa thế giới 2002 - 2003
সংরক্ষণ করুন:
| অন্যান্য লেখক: | , |
|---|---|
| বিন্যাস: | গ্রন্থ |
| ভাষা: | Vietnamese |
| প্রকাশিত: |
H.
Văn hóa Thông tin
2002-2003
|
| বিষয়গুলি: | |
| ট্যাগগুলো: |
ট্যাগ যুক্ত করুন
কোনো ট্যাগ নেই, প্রথমজন হিসাবে ট্যাগ করুন!
|
| Thư viện lưu trữ: | Mạng thư viện Đại học Đà Nẵng |
|---|
| LEADER | 01055nam a2200325 4500 | ||
|---|---|---|---|
| 001 | 000006978 | ||
| 003 | 3138 | ||
| 005 | 20120517080521.0 | ||
| 008 | 110926s2002 viesd | ||
| 020 | |c 90000đ | ||
| 041 | 0 | |a vie | |
| 082 | |a 306 |b VI-A | ||
| 245 | 0 | |a Almanac văn hóa thế giới 2002 - 2003 |c Việt Anh; Hồng Phúc | |
| 260 | |a H. |b Văn hóa Thông tin |c 2002-2003 | ||
| 300 | |a 872 tr. |c 20 cm. | ||
| 653 | |a Almanac | ||
| 653 | |a Văn hóa Thế giới | ||
| 700 | |a Việt Anh |e Tác giả | ||
| 700 | |a Hồng Phúc |e Tác giả | ||
| 910 | |a Huỳnh Thị Cẩm Lai |d 26/09/2011 | ||
| OWN | |a LSP | ||
| AVA | |a UDN50 |b LSP |d 306 VI-A |e available |t Error 5001 Not defined in file expand_doc_bib_avail. |f 4 |g 0 |h N |i 0 |k 1 | ||
| 999 | |a From the UDN01 | ||
| AVA | |a UDN50 |b LSP |d 306 VI-A |e available |t Error 5001 Not defined in file expand_doc_bib_avail. |f 4 |g 0 |h N |i 0 |k 1 | ||
| TYP | |a Monograph | ||
| TYP | |a Printed language | ||
| 980 | |a Mạng thư viện Đại học Đà Nẵng | ||